| 000 | 00944cam a2200277 a 4500 | ||
|---|---|---|---|
| 001 | 671866 | ||
| 003 | NUST - PNEC | ||
| 005 | 20170116181022.0 | ||
| 008 | 951003s1996 paua b 001 0 eng | ||
| 010 | _a 95025748 | ||
| 020 | _a1560916850 | ||
| 040 |
_aDLC _cDLC _dDLC |
||
| 050 | 0 | 0 |
_aTJ790 _b.B58 1996 |
| 082 | 0 | 0 |
_a621.43 _220 |
| 100 | 1 | _aBlair, Gordon P. | |
| 245 | 1 | 0 |
_aDesign and simulation of two-stroke engines / _cGordon P. Blair. |
| 246 | 3 | 0 | _aTwo-stroke engines |
| 260 |
_aWarrendale, PA : _bSociety of Automotive Engineers, _cc1996. |
||
| 300 |
_axxiii, 623 p. : _bill. ; _c27 cm. |
||
| 500 | _aErrata slip included. | ||
| 504 | _aIncludes bibliographical references and index. | ||
| 650 | 0 |
_aTwo-stroke cycle engines _xME |
|
| 906 |
_a7 _bcbu _corignew _d1 _eocip _f19 _gy-gencatlg |
||
| 942 |
_2ddc _cBK |
||
| 999 |
_c67451 _d67451 |
||